Southville International School and Colleges
Your cart is empty.
  • Cart
  • Lists
    Public lists Eva Luna New books Lux_list list_1
    Your lists Log in to create your own lists
  • Log in to your account
  • Your cookies
  • Search history
Southville International School and Colleges
  • Advanced search
  • Recent comments
  • Most popular
  • Libraries

Log in to your account

Log in with GOOGLE


If you do not have an external account, but do have a local account, you can still log in:

  1. Home
  2. MARC view: Pride and prejudice /
Normal view MARC view ISBD view

Pride and prejudice / (Record no. 110805)

[ view plain ]
MARC details
000 -LEADER
fixed length control field 00489nam a2200181 a 4500
001 - CONTROL NUMBER
control field 4049
005 - DATE AND TIME OF LATEST TRANSACTION
control field 20140414131903.0
008 - FIXED-LENGTH DATA ELEMENTS--GENERAL INFORMATION
fixed length control field 081211s19uu xx 00 eng d
020 ## - INTERNATIONAL STANDARD BOOK NUMBER
International Standard Book Number 981-4177-41-5
050 ## - LIBRARY OF CONGRESS CALL NUMBER
Classification number TR
Item number Au7 2004
100 ## - MAIN ENTRY--PERSONAL NAME
Personal name Austen, Jane
245 ## - TITLE STATEMENT
Title Pride and prejudice /
Statement of responsibility, etc Jane Austen.
250 ## - EDITION STATEMENT
Edition statement Illustrated Classics ed.
260 ## - PUBLICATION, DISTRIBUTION, ETC. (IMPRINT)
Place of publication, distribution, etc Macpherson Road :
Name of publisher, distributor, etc Allscript,
Date of publication, distribution, etc c2004.
300 ## - PHYSICAL DESCRIPTION
Extent 223 p. : ill. ; cm.
650 ## - SUBJECT ADDED ENTRY--TOPICAL TERM
Topical term or geographic name as entry element Social classes
General subdivision Fiction
Holdings
Withdrawn status Lost status Damaged status Home library Current library Shelving location Date acquired Source of acquisition Cost, normal purchase price Total Checkouts Full call number Barcode Date last seen Price effective from Koha item type
      Munich Library Munich Library Teachers Reference Section 12/11/2008   35.00   TR Au7 2004 M1306 04/14/2014 04/14/2014 Books

Pride and prejudice /

APA

Austen J., . (2004). Pride and prejudice. Macpherson Road: Allscript.

Chicago

Austen Jane, . 2004. Pride and prejudice. Macpherson Road: Allscript.

Harvard

Austen J., . (2004). Pride and prejudice. Macpherson Road: Allscript.

MLA

Austen Jane, . Pride and prejudice. Macpherson Road: Allscript. 2004.

  • Place hold
  • Print
  • Cite
  • Add to your cart (remove)
  • Save record
    BIBTEX Dublin Core MARCXML MARC (non-Unicode/MARC-8) MARC (Unicode/UTF-8) MARC (Unicode/UTF-8, Standard) MODS (XML) RIS
  • More searches
    Search for this title in:
    Other Libraries (WorldCat) Other Databases (Google Scholar) Online Stores (Bookfinder.com) Open Library (openlibrary.org)

Exporting to Dublin Core...

SOUTHVILLE LIBRARY

Southville International School and Colleges Library

1281 Tropical Ave. Cor. Luxembourg St., BF Homes International, Las Pinas City

Tel. No. 8256374 / 252358 Loc. 117/146

Powered by Koha